<?xml version="1.0" encoding="UTF-8"?>
<record
    xmlns:xsi="http://www.w3.org/2001/XMLSchema-instance"
    xsi:schemaLocation="http://www.loc.gov/MARC21/slim http://www.loc.gov/standards/marcxml/schema/MARC21slim.xsd"
    xmlns="http://www.loc.gov/MARC21/slim">

  <leader>01473pam a2200241   4500</leader>
  <controlfield tag="001">7438</controlfield>
  <controlfield tag="003">OCoLC</controlfield>
  <controlfield tag="005">20181127183634.0</controlfield>
  <controlfield tag="008">040316s2005    njua     b    001 0 eng</controlfield>
  <datafield tag="020" ind1=" " ind2=" ">
    <subfield code="a">0130989746</subfield>
  </datafield>
  <datafield tag="050" ind1="0" ind2="0">
    <subfield code="a">TX335</subfield>
    <subfield code="b"></subfield>
  </datafield>
  <datafield tag="082" ind1="0" ind2="0">
    <subfield code="a">339.4</subfield>
    <subfield code="2"></subfield>
  </datafield>
  <datafield tag="100" ind1="1" ind2=" ">
    <subfield code="a">Goldsmith, Elizabeth B</subfield>
  </datafield>
  <datafield tag="245" ind1="1" ind2="0">
    <subfield code="a">Consumer economics :</subfield>
    <subfield code="b">issues and behaviors /</subfield>
    <subfield code="c">Elizabeth B. Goldsmith</subfield>
  </datafield>
  <datafield tag="250" ind1=" " ind2=" ">
    <subfield code="a">1st ed</subfield>
  </datafield>
  <datafield tag="260" ind1=" " ind2=" ">
    <subfield code="a">Upper Saddle River, N.J. :</subfield>
    <subfield code="b">Pearson Prentice Hall,</subfield>
    <subfield code="c">c2005</subfield>
  </datafield>
  <datafield tag="300" ind1=" " ind2=" ">
    <subfield code="a">xvii, 461 p. :</subfield>
    <subfield code="b">ill. ;</subfield>
    <subfield code="c">27 cm</subfield>
  </datafield>
  <datafield tag="504" ind1=" " ind2=" ">
    <subfield code="a">Includes bibliographical references and index</subfield>
  </datafield>
  <datafield tag="505" ind1=" " ind2=" ">
    <subfield code="a">Ch.1 Consumers in a Changing World -- Ch.2 The Consumer   Movement -- Ch.3 Consumer Theories and Developing a Model   -- Ch.4 Consumer Responsibilities, Redress and Law --  Ch.5  Government Protection, Nongovernmental Proconsumer    Groups and Media -- ch.6 Buying Process, Brands and  Product  Development -- Ch.7 Decision Making and the  Influence of  Advertising -- Ch.8 Food and Beverage  Issues -- Ch.9 Health and  Body Issues -- Ch.10  Ownership, Safety and Repairs -- Ch.11  Being a Better  Consumer of Housing and Vehicles -- Ch.12  Saving,  Banking, Debt and Credit Issues -- Ch.13 Insurance  and  Investment Issues -- Ch.14 Identify Theft, Privacy   Protection, Emerging  Consumer Issues, At-Risk Consumers,   and Developing a  Global Perspective.</subfield>
    <subfield code="g"></subfield>
    <subfield code="r"></subfield>
    <subfield code="t"></subfield>
  </datafield>
  <datafield tag="650" ind1=" " ind2="0">
    <subfield code="a">Consumer education</subfield>
  </datafield>
  <datafield tag="650" ind1=" " ind2="0">
    <subfield code="a">Consumption (Economics)</subfield>
  </datafield>
  <datafield tag="999" ind1=" " ind2=" ">
    <subfield code="c">6357</subfield>
    <subfield code="d">6357</subfield>
  </datafield>
  <datafield tag="952" ind1=" " ind2=" ">
    <subfield code="0">0</subfield>
    <subfield code="1">0</subfield>
    <subfield code="2">ddc</subfield>
    <subfield code="4">0</subfield>
    <subfield code="7">0</subfield>
    <subfield code="8">MAIN</subfield>
    <subfield code="a">RTCLIB</subfield>
    <subfield code="b">RTCLIB</subfield>
    <subfield code="c">MAIN</subfield>
    <subfield code="d">2022-08-19</subfield>
    <subfield code="h"> </subfield>
    <subfield code="i">11412</subfield>
    <subfield code="l">1</subfield>
    <subfield code="m">1</subfield>
    <subfield code="o">339.4 GOL</subfield>
    <subfield code="p">30011938</subfield>
    <subfield code="r">2022-09-18 00:00:00</subfield>
    <subfield code="s">2022-08-19</subfield>
    <subfield code="w">2018-11-27</subfield>
    <subfield code="y">MAIN</subfield>
  </datafield>
</record>
